35 Math Symbols You Don't Know - Statistics

General Stats
  • This quiz has been taken 100 times
    97 since last reset
  • The average score is 13 of 35
Answer Stats
Hint Answer % Correct
Disjunction, "or"
73%
Integral / antiderivative
69%
Nabla / Del
69%
Summation
66%
Δ Delta
65%
Union
62%
¬ Negation, "not"
59%
R Real Numbers
58%
Conjunction, "and"
55%
N Natural Numbers
52%
Q Rational Numbers
52%
Intersection
51%
Z Integers
48%
C Complex Numbers
44%
Congruent, identically equal
41%
Subset
41%
Universal Quantification, "for all"
41%
→, ⇒ Material conditional, "implies"
39%
Product
39%
Set / Proper Subset
38%
Logical Equivalent, "if and only if"
32%
Partial derivative, Boundary of a topological subspace
25%
⊕, ⊻ Exclusive disjunction, "xor"
18%
H Quaternions
18%
∬, ∯ Surface Integral
18%
"is not an element of"
15%
Set Membership, "is an element of"
15%
Contour Integral
14%
Existential Quantification, "There exists ... such that"
13%
Up Tack / Falsum
13%
Biconditional
11%
Down Tack / Verum
10%
Symmetric difference
10%
∃! Uniqueness Quantification, "There exists exactly one ... such that"
8%
Disjoint Union
7%
No matching quizzes found
Score Distribution
Percent of People with Each Score
Percentile by Number Answered
Your Score History
You have not taken this quiz since the last reset